Indo-Bhutan relations through prism of history / (Record no. 73815)

MARC details
000 -LEADER
fixed length control field 00999nam a22002657a 4500
005 - DATE AND TIME OF LATEST TRANSACTION
control field 20180308154004.0
010 ## - LCCN (DPL NO)
LC control number ENG-106722
020 ## - INTERNATIONAL STANDARD BOOK NUMBER
International Standard Book Number 9788178312590
Terms of availability 1500.00
035 ## - SYSTEM CONTROL NUMBER
System control number EN-90255
035 ## - SYSTEM CONTROL NUMBER
System control number B-527756
035 ## - SYSTEM CONTROL NUMBER
System control number B-665111
037 ## - SOURCE OF ACQUISITION
Source of stock number/acquisition DBAD / PUB
037 ## - SOURCE OF ACQUISITION
Source of stock number/acquisition Prakashan Sansthan/Ven
082 ## - DEWEY DECIMAL CLASSIFICATION NUMBER
Classification number 954
082 ## - DEWEY DECIMAL CLASSIFICATION NUMBER
Classification number 303.4825405462
100 ## - MAIN ENTRY--PERSONAL NAME
Personal name Rajput, Madhu
245 ## - TITLE STATEMENT
Title Indo-Bhutan relations through prism of history /
Statement of responsibility, etc by Madhu Rajput
260 ## - PUBLICATION, DISTRIBUTION, ETC. (IMPRINT)
Place of publication, distribution, etc New Delhi
Name of publisher, distributor, etc Manak Publications
Date of publication, distribution, etc 2011
270 ## - ADDRESS
Address B-7, Saraswati Complex, Subhash Chowk, Laxmi Nagar
City New Delhi
Postal code 110092
300 ## - PHYSICAL DESCRIPTION
Extent xiii, 374p.
Dimensions 22cm(Hb)
500 ## - GENERAL NOTE
General note Includes bibliographica references and index
942 ## - ADDED ENTRY ELEMENTS (KOHA)
Source of classification or shelving scheme Dewey Decimal Classification
Item type English Books
Call number suffix RAJ
Classification part 303.4825405462
Holdings
Withdrawn status Lost status Not for loan Collection code Home library Current library Date acquired Source of acquisition Cost, normal purchase price Full call number Barcode Copy number Cost, replacement price Koha item type
      Non-fiction Ashok Vihar Ashok Vihar 08/03/2018 PS/505/28.2.2017/EN/AV/359/15.2.2017/7.3.2017 1500.00 303.4825405462 RAJ B-665111 1 1500.00 English Books
      Non-fiction Central Library Central Library 13/06/2014 Prakashan Sansthan/306/21.10.2013/36/10.10.2013/29.10.2013 1500.00 303.4825405462 RAJ B-527756 1 1500.00 English Books
      Non-fiction D.B.Act.Division D.B.Act.Division 22/02/2013 DBAD/PUB 1500.00 954 RAJ EN-90255 1 1500.00 English Books

© Delhi Public Library
Hit Counter
free hit counter